Music Quiz

Random Music or Clickable Quiz

Divided Bands II Quiz Stats

 Plays Quiz Updated Feb 8, 2015

Also try: Divided Bands
Challenge
Share
Tweet
Score 0/36 Timer 05:00
3 Plays Today
% Correct
Foo
98.3%
Destiny’s
98.1%
Spice
97.5%
Bee
97.2%
Beach
97.2%
Pussycat
96.8%
Def
96.2%
Barenaked
94.1%
Run
93.2%
Status
93%
Daft
92.4%
Franz
92.1%
Twisted
91.7%
Tenacious
88.6%
Arctic
87.7%
Partridge
86.1%
Stray
85.3%
Air
83%
% Correct
Jefferson
81.2%
Flaming
80.9%
10,000
79.6%
Velvet
79.4%
Simple
79.1%
Sonic
78.7%
Real
78.1%
New
77.3%
Traveling
75%
Vampire
74.9%
Lovin’
70.7%
Bad
68.8%
Machine
68.5%
Atomic
68.2%
Social
65.9%
Jesus
65.7%
Stealers
57.5%
Lipps
56.7%

You're not logged in!

Compare scores with friends on all Sporcle quizzes.
Join for Free
OR
Log In

You Might Also Like...

Show Comments

Extras

Top Quizzes Today


Score Distribution

Your Account Isn't Verified!

In order to create a playlist on Sporcle, you need to verify the email address you used during registration. Go to your Sporcle Settings to finish the process.

Report this User

Report this user for behavior that violates our Community Guidelines.

Details: